000
00230 a2200097 4500
001
9392
100
_a
Ikram, S M
245
_a
Modern Muslim India and the birth of Pakistan
260
_a
_b
Ashraf (Lahore)
_c
090
_c
7551
_d
7551
942
_a
NUST-CAE
_c
M
_c
34213
999
_c
244465
_d
244465